Quizzes
Events
Quiz Creation
Community
Videos
Private Events
Remove Ads
Sign In
Join for FREE
Feedback
Dark Mode
Quiz Categories
Sports
Geography
Music
Movies
Television
Just For Fun
Miscellaneous
History
Literature
Language
Science
Gaming
Entertainment
Religion
Holiday
For Kids
Quiz Lab
Recent
Popular Today
Quiz Kudos Today
Editor Picks
Curator Picks
Quizzes by...
Day
Popularity
Type
Ratings
Length
Year
Community
Subscriptions
Recent Discussions
Orange Saloon
Badges
Playlists
Quests
Create
Leaderboards
Showdown
Live 5
Trivia Bingo
Activity
Puzzle Library
Sporcle Events
Private Events
Virtual Trivia
Globe League
Become a Host
Pub Owners
SporcleCon
Opinionation
Our Games
Videos
Blog
Mobile Apps
Partnerships
Remove Ads and Go Orange
Feedback
History
US Presidents
World Leaders
Politics
Nation
Discovery
War
Decade
Year
Century
Biography
Art
History
US Presidents
World Leaders
Politics
Nation
Discovery
War
Decade
Year
Century
Biography
Art
Random Quiz
Search Sporcle
×
Quiz Lab
Quiz Lab
History
Olympian
Type in answers that appear in a list
Type in answers that appear in a list
Classic
Best Score? Go Orange.
Olympian Gods and Goddesses Stats
Can you name the Olympian Gods and Goddesses?
By
Kittenemm
3m
17 Questions
81 Plays
81 Plays
81 Plays
Comments
Comments
Give Quiz Kudos
Give Quiz Kudos
-
- Ratings
hide this ad
Replay
Link that replays current quiz
Next Quiz
Link to next quiz in quiz playlist
You Got
0%
They Got
Avg Score
74%
Avg Friend Score
Upgrade to see
Score Distribution
Jump to the score distribution portion of the page
Score
0/17
Timer
03:00
0
Plays Today
Gods
Goddesses
% Correct
King
Zeus
98.8%
Queen
Hera
98.8%
War
Ares
95.1%
Music
Apollo
91.4%
Love -
woman
Aphrodite
90.1%
Wisdom
Athena
88.9%
Sea
Poseidon
86.4%
Death -
man
Hades
85.2%
Hunting
Artemis
77.8%
Gods
Goddesses
% Correct
Harvest
Demeter
77.8%
Wine
Dionysus
74.1%
Home
Hestia
70.4%
Love -
man
Eros
66.7%
Death -
woman
Persephone
59.3%
Craft
Hephaestus
53.1%
Youth
Hebe
38.3%
Medicine
Asclepius
21%
Quiz Playlist
Details
Report
Send in Message
Add To Playlist
Classic:
Type in answers that appear in a list
Last Updated: Feb 16, 2017
Quiz Scoreboard
CHALLENGE
Sign Up to Join the Scoreboard
Show All
Scores
Hide
Comments
May contain spoilers
Recently Published
NBA Finals Game Top Scorers (2010s)
by flibbidy
Sports
5m
Guess the 'R' Things in 3 Words
by MSUKent
Miscellaneous
3m
Actor to Badly Drawn Movie III
by MoMosMoProblems
Movies
5m
More to Explore
Quiz From the Vault
Featured Blog Post
Where Does Lost Luggage Go?
hide this ad
You Might Also Like...
Tags
god
goddess
Olympia
Olympian
Olympian Gods
Today's Top Quizzes in History
Browse History
hide this ad
Today's Top Quizzes in Olympian
Browse Olympian
Top Contributed Quizzes in History
1
Nickname Match: US Presidents
2
I Am Born On March 18th
3
Nickname Match: World Leaders II
4
Nickname Match: US Presidents II
5
Famous People on Time Magazine Covers III (Slideshow)
6
10 to 1: Generals by War
7
27 Amendments
8
Order the British Succession
9
Constitutional Quiz
10
New Deal Alphabet Soup
Explore More
Trending Topics
Harry Potter
Crossword
NBA
Marvel
Disney
Anime
Kpop
Country
The Office
NFL
WWE
Soccer
Puzzle
Pokémon
Song
hide this ad
More By:
Kittenemm
Quiz
Plays
Rating
Category
Featured
Created
My Candy Love characters
358
3.00
Just For Fun
Feb 10, 2013
Olympian Gods and Goddesses
81
2.50
History
Feb 20, 2013
Girls names
5
2.00
Just For Fun
Mar 26, 2013
Places that are cool
1
Just For Fun
Mar 2, 2013
Go to Creator's Profile
Score Distribution
Quiz Creator Spotlight
Kittenemm
Follow
Send a Message
Quizzes Created
-
Created Quiz Play Count
-
More By This Creator
Popular Quizzes Today
1
Find the US States - No Outlines Minefield
2
Find the US States
3
The Countries of the World
4
10 Largest US States in Order
5
Find the Countries of Europe - No Outlines Minefield
6
US States
7
Guess the 'R' Things in 3 Words
8
NBA Finals Game Top Scorers (2010s)
More History Quizzes
Japanese Sports Cars of the 1960s
Quiz Lab
Trending Quizzes
First Name TV: Leading Men
Match the Book to the Film II
First Name TV: Leading Women Drama
Match the Book to the Film VI
Pick A Pair: Religious TV
Recently Updated
Women's Final Four Teams by Year
bhenderson79
Presidents Quartet II
eogle
Anything But Clue(do)
eogle
Anything But Oceanian Capitals
eogle
Anything But 7
eogle
Anything But Thing
eogle
Word Ladder: February 29
pecheneg
Song Title Questions
pecheneg
Women's NCAA Tournament #1 Seeds
pecheneg
Celebrity Mug Shots
pecheneg
Trending Topics
Kpop
Disney
Anime
Harry Potter
NBA
Crossword
Marvel
WWE
NFL
Song
Soccer
Country
Puzzle
Pokémon
The Office
Your Account Isn't Verified!
In order to create a playlist on Sporcle, you need to verify the email address you used during registration. Go to your
Sporcle Settings
to finish the process.
Report this User
Report this user for behavior that violates our
Community Guidelines
.
Details:
Send Report
Go to the Sporcle.com Mobile Site →
Comments